000 00334nam a2200097Ia 4500
005 20250424112917.0
008 250424s9999 xx 000 0 und d
300 _a:ill. ; 29 cm.
650 _aGenetic engineering--Pakistan--Periodicals. Biotechnology--Pakistan--Periodicals. Plant genetic engineering--Pakistan--Periodica
942 _cSR
999 _c37828
_d37828